[Event "Irish Championship 2017"]
[Site "Ennis IRL"]
[Date "2017.08.04"]
[Round "7.2"]
[White "Lopez, Alex"]
[Black "Li, Henry"]
[Result "1-0"]
[WhiteTitle "IM"]
[WhiteElo "2431"]
[BlackElo "2247"]
[WhiteICU "2441"]
[BlackICU "2172"]
[BlackClub "Gonzaga"]
[WhiteNationality "IRL"]
[BlackNationality "IRL"]
[WhiteFideId "2501430"]
[BlackFideId "2508524"]
[PlyCount "69"]
[EventDate "2017.07.29"]

{ Event information: <a
href="https://www.irlchess.com/irlch2017_allfiles/pairings_irlch2017.html">Tournament
report</a>. }

1. Nf3 Nf6 2. g3 g6 3. b3 Bg7 4. Bb2 O-O 5. Bg2 d6 6. d4 Nbd7 7. O-O e5 8.
dxe5 dxe5 9. Nxe5 Ng4 10. Nxd7 Bxb2 11. Nxf8 Qxf8 12. Nd2 Nxh2 13. Kxh2
Bxa1 14. Qxa1 Qh6+ 15. Kg1 Qxd2 16. Rd1 Qg5 17. Qd4 Bg4 18. Bxb7 Re8 19.
Bf3 Bxf3 20. exf3 Qf5 21. Qd7 Re1+ 22. Kg2 Rxd1 23. Qxd1 Qc5 24. Qd3 Kg7
25. c3 a5 26. Qd2 Qb6 27. b4 c5 28. Qb2 cxb4 29. cxb4+ Kg8 30. b5 Kf8 31.
a4 Ke7 32. Qe5+ Kd7 33. Qd5+ Ke8 34. Qe4+ Kf8 35. Qa8+ 1-0

[Event "Irish Championship 2017"]
[Site "Ennis IRL"]
[Date "2017.08.04"]
[Round "7.4"]
[White "O'Donnell, Conor"]
[Black "Quinn, Rory"]
[Result "1-0"]
[WhiteTitle "FM"]
[WhiteElo "2389"]
[BlackElo "2140"]
[WhiteICU "2361"]
[BlackICU "2089"]
[WhiteClub "Gonzaga"]
[BlackClub "Ennis"]
[WhiteNationality "IRL"]
[BlackNationality "IRL"]
[WhiteFideId "2504243"]
[BlackFideId "2501643"]
[PlyCount "55"]
[EventDate "2017.07.29"]

{ Event information: <a
href="https://www.irlchess.com/irlch2017_allfiles/pairings_irlch2017.html">Tournament
report</a>. }

1. c4 e5 2. Nc3 Nf6 3. Nf3 Nc6 4. e3 Bb4 5. Qc2 O-O 6. Nd5 Re8 7. Qf5 d6 8.
Nxf6+ gxf6 9. Qc2 f5 10. a3 Ba5 11. b4 Bb6 12. Bb2 a5 13. c5 Ba7 14. b5 Ne7
15. d4 e4 16. Ng1 f4 17. exf4 dxc5 18. dxc5 Nf5 19. Qc3 f6 20. Bc4+ Kg7 21.
Rd1 Qe7 22. g4 Nh6 23. g5 Ng4 24. gxf6+ Nxf6 25. Ne2 Rf8 26. Rg1+ Kh6 27.
b6 cxb6 28. f5 1-0

[Event "Irish Championship 2017"]
[Site "Ennis IRL"]
[Date "2017.08.04"]
[Round "7.5"]
[White "MacElligott, Gerard"]
[Black "Wall, Gavin"]
[Result "0-1"]
[WhiteTitle "CM"]
[BlackTitle "IM"]
[WhiteElo "2015"]
[BlackElo "2329"]
[WhiteICU "1959"]
[BlackICU "2290"]
[WhiteClub "Elm Mount"]
[BlackClub "Richmond ENG"]
[WhiteNationality "IRL"]
[BlackNationality "IRL"]
[WhiteFideId "2500647"]
[BlackFideId "2501244"]
[PlyCount "100"]
[EventDate "2017.07.29"]

{ Event information: <a
href="https://www.irlchess.com/irlch2017_allfiles/pairings_irlch2017.html">Tournament
report</a>. }

1. d4 f5 2. Nf3 Nf6 3. c4 d6 4. e3 g6 5. b4 Bg7 6. Bb2 O-O 7. Be2 e5 8.
dxe5 Ng4 9. Qb3 Nxe5 10. c5+ Nf7 11. Bxg7 Kxg7 12. Nc3 Qf6 13. O-O Be6 14.
Bc4 Bxc4 15. Qxc4 c6 16. e4 a5 17. b5 fxe4 18. Nd4 d5 19. Nxd5 cxd5 20.
Qxd5 Re8 21. Qxb7 Na6 22. bxa6 Qxd4 23. Rad1 Qxc5 24. Rd7 Qc4 25. Qb2+ Kg8
26. Rc1 $2 (26. a7 $17) 26... Qxa6 27. h4 Rab8 28. Qd4 Qb6 29. Qc3 e3 30.
fxe3 Rxe3 31. Qc5 Qxc5 32. Rxc5 Re5 33. Rcc7 Rf5 34. g4 Rf4 35. h5 Rxg4+
36. Kf2 Rf8 37. Re7 Nd6+ 38. Ke2 Rg2+ 39. Ke1 Re8 40. hxg6 Rxe7+ 41. Rxe7
hxg6 42. Re5 Nc4 43. Rc5 Rc2 44. a4 Kf7 45. Rc6 g5 46. Ra6 g4 47. Kf1 g3
48. Kg1 Ne3 49. Ra7+ Ke6 50. Ra6+ Kd5 0-1

[Event "Irish Championship 2017"]
[Site "Ennis IRL"]
[Date "2017.08.04"]
[Round "7.6"]
[White "Fox, Anthony"]
[Black "Mirza, Diana"]
[Result "1-0"]
[BlackTitle "WFM"]
[WhiteElo "2016"]
[BlackElo "1901"]
[WhiteICU "1968"]
[BlackICU "1872"]
[WhiteClub "Dun Laoghaire"]
[BlackClub "St. Michael's"]
[WhiteNationality "IRL"]
[BlackNationality "IRL"]
[WhiteFideId "2500736"]
[BlackFideId "2503999"]
[PlyCount "67"]
[EventDate "2017.07.29"]

{ Event information: <a
href="https://www.irlchess.com/irlch2017_allfiles/pairings_irlch2017.html">Tournament
report</a>. }

1. e4 c5 2. Nc3 Nc6 3. Bb5 e6 4. Bxc6 bxc6 5. f4 d5 6. d3 Nf6 7. e5 d4 8.
Nce2 Nd5 9. Nf3 Be7 10. O-O Qb6 11. b3 a5 12. a4 Bd7 13. Bd2 f5 14. exf6
gxf6 15. Kh1 Nb4 16. Bxb4 Qxb4 17. Nd2 O-O 18. Ng3 f5 19. Nc4 Bf6 20. Qe2
Qb8 21. Nh5 Qe8 22. Nxf6+ Rxf6 23. Rae1 Qf8 24. Rf3 Kh8 25. Qe5 Qg7 26. Rg3
Rg6 27. Rxg6 hxg6 28. h4 Kg8 29. Qxg7+ Kxg7 30. Re5 Rh8 31. g3 g5 32. fxg5
f4 33. Kg2 Be8 34. Nxa5 1-0

[Event "Irish Championship 2017"]
[Site "Ennis IRL"]
[Date "2017.08.04"]
[Round "7.7"]
[White "Melaugh, Shane"]
[Black "Melaugh, Gavin"]
[Result "0-1"]
[WhiteElo "1985"]
[BlackElo "1936"]
[WhiteICU "1929"]
[BlackICU "1929"]
[WhiteClub "Elm Mount"]
[BlackClub "Elm Mount"]
[WhiteNationality "IRL"]
[BlackNationality "IRL"]
[WhiteFideId "2509580"]
[BlackFideId "2509571"]
[PlyCount "128"]
[EventDate "2017.07.29"]

{ Event information: <a
href="https://www.irlchess.com/irlch2017_allfiles/pairings_irlch2017.html">Tournament
report</a>. }

1. c4 e5 2. Nc3 Nf6 3. g3 d5 4. cxd5 Nxd5 5. Bg2 Nb6 6. Nf3 Nc6 7. O-O Be6
8. d3 Be7 9. Be3 O-O 10. a3 Nd5 11. Nxd5 Bxd5 12. b4 Bf6 13. Rc1 a6 14. Bc5
Re8 15. e4 Be6 16. Re1 Bg4 17. h3 Bxf3 18. Qxf3 Bg5 19. Be3 Nd4 20. Qg4
Bxe3 21. fxe3 Ne6 22. Red1 Qd6 23. d4 Qb6 24. d5 Nf8 25. Kh2 Re7 26. Rc3 a5
27. Rdc1 axb4 28. axb4 Ra2 29. Qc8 Qxb4 30. R1c2 Ra1 31. Rxc7 Rxc7 32. Rxc7
Qe1 33. h4 Qg1+ 34. Kh3 Ra2 35. Rc2 Rxc2 36. Qxc2 Qxe3 37. Qb2 Qd4 38. Qxb7
g6 39. Qe7 Kg7 40. Bf3 h5 41. Qg5 $4 Nh7 $4 (41... Qc3 $1 $19 { , e.g. }
42. Bg2 f6) 42. Qe7 $2 (42. Qc1 $15) 42... Nf6 43. d6 Qc3 $2 (43... Qf2 $19
{ as White will lose the bishop or get mated. }) 44. Bh1 $2 (44. Kg2 $10)
44... Qc8+ $2 (44... Qa1 $1 { wins immediately. }) 45. Kg2 Ng4 46. Qc7 Qe6
47. Kf1 Qb3 48. Ke2 Qe3+ 49. Kd1 Nf6 50. Qe7 Qd3+ 51. Kc1 Qxg3 52. d7 Qc3+
53. Kb1 Nxd7 54. Qxd7 Qe1+ 55. Kc2 Qxh1 56. Qd5 Qxh4 57. Qxe5+ Qf6 58. Qd5
g5 59. e5 Qf5+ 60. Kd1 g4 61. Qd4 Kg6 62. Qd6+ Kg5 63. Kd2 Kh4 64. Qe7+
Qg5+ 0-1

[Event "Irish Championship 2017"]
[Site "Ennis IRL"]
[Date "2017.08.04"]
[Round "7.3"]
[White "Daly, Colm"]
[Black "Delaney, Killian"]
[Result "1-0"]
[WhiteTitle "FM"]
[WhiteElo "2301"]
[BlackElo "2247"]
[WhiteICU "2268"]
[BlackICU "2179"]
[WhiteClub "Bray/Greystones"]
[BlackClub "Gonzaga"]
[WhiteNationality "IRL"]
[BlackNationality "IRL"]
[WhiteFideId "2500434"]
[BlackFideId "2501570"]
[PlyCount "97"]
[EventDate "2017.07.29"]

{ Event information: <a
href="https://www.irlchess.com/irlch2017_allfiles/pairings_irlch2017.html">Tournament
report</a>. }

1. d4 Nf6 2. Nf3 g6 3. c4 Bg7 4. Nc3 O-O 5. e4 d6 6. Be2 e5 7. O-O exd4 8.
Nxd4 Re8 9. f3 Nc6 10. Be3 Nh5 11. Qd2 Nf4 12. Rfd1 Bxd4 13. Bxd4 Nxd4 14.
Qxd4 Nxe2+ 15. Nxe2 b6 16. Nc3 Bb7 17. Rac1 Qg5 18. Qd2 Qe5 19. Nd5 Bxd5
20. cxd5 Re7 21. Rc4 f5 22. f4 Qf6 23. e5 dxe5 24. Qc3 Qg7 25. fxe5 Rd8 26.
e6 Qxc3 27. bxc3 b5 28. Rc6 Rd6 29. Rxd6 cxd6 30. Rb1 a6 31. a4 bxa4 32.
Rb4 a3 33. Ra4 Ra7 34. Kf2 a5 35. Ke3 a2 36. Kd4 Kf8 37. Rxa2 a4 38. Ra3
Ke7 39. c4 Ra5 40. Kc3 Ra7 41. Kb4 Rb7+ 42. Kc3 Ra7 43. Kb4 g5 44. Rxa4
Rxa4+ 45. Kxa4 h6 46. Kb3 Kf6 47. Kc3 Ke7 48. Kd4 Kd8 49. c5 1-0

[Event "Irish Championship 2017"]
[Site "Ennis IRL"]
[Date "2017.08.05"]
[Round "8.1"]
[White "Short, Philip"]
[Black "Wall, Gavin"]
[Result "1/2-1/2"]
[WhiteTitle "FM"]
[BlackTitle "IM"]
[WhiteElo "2283"]
[BlackElo "2329"]
[WhiteICU "2287"]
[BlackICU "2290"]
[BlackClub "Richmond ENG"]
[WhiteNationality "IRL"]
[BlackNationality "IRL"]
[WhiteFideId "2500086"]
[BlackFideId "2501244"]
[PlyCount "26"]
[EventDate "2017.07.29"]

{ Event information: <a
href="https://www.irlchess.com/irlch2017_allfiles/pairings_irlch2017.html">Tournament
report</a>. }

1. d4 f5 2. g3 Nf6 3. Bg2 g6 4. Nf3 Bg7 5. O-O O-O 6. b4 c6 7. c4 d6 8. Bb2
Nbd7 9. Qb3 h6 10. Nbd2 a5 11. a3 Kh7 12. Qc2 Nb6 13. Nh4 axb4 1/2-1/2

[Event "Irish Championship 2017"]
[Site "Ennis IRL"]
[Date "2017.08.05"]
[Round "8.2"]
[White "Daly, Colm"]
[Black "Lopez, Alex"]
[Result "0-1"]
[WhiteTitle "FM"]
[BlackTitle "IM"]
[WhiteElo "2301"]
[BlackElo "2431"]
[WhiteICU "2268"]
[BlackICU "2441"]
[WhiteClub "Bray/Greystones"]
[WhiteNationality "IRL"]
[BlackNationality "IRL"]
[WhiteFideId "2500434"]
[BlackFideId "2501430"]
[PlyCount "194"]
[EventDate "2017.07.29"]

{ Annotator: Alexander Baburin, <em>Chess Today</em>, CT-223 (6121), August
11, 2017 and <em>Sunday Independent</em>, August 13, 2017. } { Event
information: <a
href="https://www.irlchess.com/irlch2017_allfiles/pairings_irlch2017.html">Tournament
report</a>. }

1. Nf3 Nf6 2. d4 g6 3. Bg5 Bg7 4. c3 c5 5. e3 O-O 6. Nbd2 d5 7. Be2 Nbd7 8.
O-O h6 9. Bh4 g5 10. Bg3 Nh5 11. Be5 f6 12. Bg3 Nxg3 13. hxg3 cxd4 14. Nxd4
Nb6 15. g4 h5 16. gxh5 e5 17. N4b3 a5 18. a4 f5 19. c4 e4 20. cxd5 Nxd5 21.
Nc4 Kh8 22. Rc1 f4 23. Nc5 Re8 24. Bg4 Bxg4 25. Qxg4 Qe7 26. Nd7 Rad8 27.
Ndb6 Nb4 28. Rcd1 Nd3 29. Qf5 Rf8 30. Qxa5 f3 31. g4 Qe6 32. Qxg5 Rf6 33.
Rxd3 exd3 34. Kh2 Rg8 35. Rg1 d2 36. Qd5 Qe7 37. g5 Rh6 38. Kg3 Rxh5 39.
Kxf3 Rf8+ 40. Ke2 Rh2 41. Rg2 Rxg2 42. Qxg2 Rd8 43. Nxd2 Qd6 44. Nbc4 Qd3+
45. Ke1 Bxb2 46. Qe4 Qd7 47. Qc2 Bg7 48. Ne4 Qf5 49. Ncd2 Rc8 50. Qb1 Qd5
51. Ke2 Rd8 52. Qc2 Qd7 53. Nf3 Rf8 54. Ned2 Ra8 55. Ne4 Rxa4 56. Kf1 Ra8
57. Kg2 Rc8 58. Qb1 b5 59. Ng3 Qc6 60. e4 Re8 61. Qh1+ Kg8 62. Qh5 Re6 63.
Nf5 Qxe4 64. g6 Kf8 65. Qg5 Rf6 66. Nh4 Qc6 67. Qg4 Ke8 68. Kg1 Qc2 69. Kg2
Qc4 70. Qh5 Qc6 71. Qg4 Kd8 72. Qd4+ Kc8 73. Qa7 Qb7 74. Qc5+ Kb8 75. Qe5+
Ka8 76. Qe8+ Qb8 77. Qe4+ Ka7 78. Nd4 Ka6 79. Ndf5 Qa7 80. Qd5 Bf8 81. f4 (
81. f3 $1) 81... Qb7 $1 82. Qxb7+ Kxb7 83. Kf3 b4 84. Nd4 Kb6 85. Ke4 Bg7
86. f5 Rd6 87. Nhf3 Kc5 88. Ne6+ { &ldquo;At that point both players relied
on the 30 seconds per move increment.&rdquo; } 88... Kc4 $4 (88... Rxe6+ $1
89. fxe6 Kd6 $10) 89. Nxg7 b3 90. Ne5+ $4 (90. Ne8 $1 Rd8 91. Nd6+ $1 Rxd6
92. g7 Rd8 93. Nd2+ Kc5 94. f6 $18 { &ldquo;though this isn't an easy line
to find in time trouble.&rdquo; }) 90... Kc3 $19 91. Ne6 b2 92. g7 b1=Q+
93. Kf4 Qb8 94. Nf8 Rd4+ 95. Kg5 Qxe5 96. Ne6 Qg3+ 97. Kf6 Rd5 0-1

[Event "Irish Championship 2017"]
[Site "Ennis IRL"]
[Date "2017.08.05"]
[Round "8.3"]
[White "Delaney, Killian"]
[Black "O'Donnell, Conor"]
[Result "0-1"]
[BlackTitle "FM"]
[WhiteElo "2247"]
[BlackElo "2389"]
[WhiteICU "2179"]
[BlackICU "2361"]
[WhiteClub "Gonzaga"]
[BlackClub "Gonzaga"]
[WhiteNationality "IRL"]
[BlackNationality "IRL"]
[WhiteFideId "2501570"]
[BlackFideId "2504243"]
[PlyCount "82"]
[EventDate "2017.07.29"]

{ Event information: <a
href="https://www.irlchess.com/irlch2017_allfiles/pairings_irlch2017.html">Tournament
report</a>. }

1. e4 d6 2. d4 Nf6 3. Nc3 Nbd7 4. g4 h6 5. h3 e5 6. Nge2 c6 7. Bg2 b5 8. a3
a5 9. f4 Ba6 10. b4 g6 11. O-O Bg7 12. Be3 O-O 13. dxe5 dxe5 14. f5 Qe7 15.
Rb1 Rfd8 16. Qe1 Ne8 17. h4 Bf6 18. fxg6 fxg6 19. h5 Bh4 20. Bf2 Bxf2+ 21.
Qxf2 g5 22. Ng3 Ndf6 23. Nf5 Qa7 24. Ne3 Bc8 25. Kh1 Be6 26. Qg3 Qc7 27.
Nf5 Bxf5 28. Rxf5 axb4 29. axb4 Rd2 30. Rbf1 Qe7 31. Nb1 Rxc2 32. Qb3+ Rc4
33. Nd2 Qxb4 34. Qf3 Rc3 35. Qf2 Qd6 36. Nf3 Nxe4 37. Qe1 Ra4 38. Nxg5 Ng3+
39. Qxg3 Rxg3 40. Ne4 Rxe4 41. Bxe4 Rxg4 0-1

[Event "Irish Championship 2017"]
[Site "Ennis IRL"]
[Date "2017.08.05"]
[Round "8.4"]
[White "Baburin, Alexander"]
[Black "Fox, Anthony"]
[Result "1-0"]
[WhiteTitle "GM"]
[WhiteElo "2473"]
[BlackElo "2016"]
[WhiteICU "2419"]
[BlackICU "1968"]
[WhiteClub "Kilkenny"]
[BlackClub "Dun Laoghaire"]
[WhiteNationality "IRL"]
[BlackNationality "IRL"]
[WhiteFideId "2500914"]
[BlackFideId "2500736"]
[PlyCount "119"]
[EventDate "2017.07.29"]

{ Event information: <a
href="https://www.irlchess.com/irlch2017_allfiles/pairings_irlch2017.html">Tournament
report</a>. }

1. d4 d5 2. c4 e6 3. Nc3 Nf6 4. cxd5 exd5 5. Bg5 c6 6. Qc2 Be7 7. e3 Nbd7
8. Bd3 Nh5 9. Bxe7 Qxe7 10. Nge2 Nb6 11. O-O g6 12. Rae1 O-O 13. Nc1 f5 14.
f3 Be6 15. Nb3 Rae8 16. Nc5 Bc8 17. b4 a6 18. a4 Qg7 19. f4 Nf6 20. h3 Nbd7
21. Nxd7 Bxd7 22. b5 axb5 23. axb5 Re7 24. bxc6 bxc6 25. Na4 Rfe8 26. Qf2
Rb8 27. Rb1 Ree8 28. Nc5 Qe7 29. Rxb8 Rxb8 30. Re1 Qd8 31. Ra1 Qe7 32. Ra7
Re8 33. Bc2 Qd6 34. Kh2 Re7 35. Nd3 Qb8 36. Ra1 Be8 37. Ne5 Ra7 38. Qe1 Qa8
39. Rxa7 Qxa7 40. Qb4 Qc7 41. Qa3 Kg7 42. Ba4 Ne4 43. Bxc6 Bxc6 44. Qc1 Qd8
45. Qxc6 Qh4 46. Qd7+ Kh6 47. Nf7+ Kh5 48. g4+ fxg4 49. Qxd5+ g5 50. Qxe4
Qf2+ 51. Qg2 g3+ 52. Kh1 Qxe3 53. Qc2 h6 54. Qd1+ Kg6 55. Qd3+ Qxd3 56.
Ne5+ Kf5 57. Nxd3 gxf4 58. Kg2 Ke4 59. Ne1 Kxd4 60. Kf3 1-0

[Event "Irish Championship 2017"]
[Site "Ennis IRL"]
[Date "2017.08.05"]
[Round "8.5"]
[White "Li, Henry"]
[Black "Tirziman, Rudolf"]
[Result "1-0"]
[WhiteElo "2247"]
[BlackElo "1926"]
[WhiteICU "2172"]
[BlackICU "1913"]
[WhiteClub "Gonzaga"]
[BlackClub "Blanchardstown"]
[WhiteNationality "IRL"]
[BlackNationality "IRL"]
[WhiteFideId "2508524"]
[BlackFideId "2508664"]
[PlyCount "55"]
[EventDate "2017.07.29"]

{ Event information: <a
href="https://www.irlchess.com/irlch2017_allfiles/pairings_irlch2017.html">Tournament
report</a>. }

1. e4 e6 2. d4 d5 3. Nc3 Nf6 4. e5 Nfd7 5. f4 c5 6. Nf3 Nc6 7. Be3 Qb6 8.
Na4 Qa5+ 9. c3 cxd4 10. b4 Nxb4 11. cxb4 Bxb4+ 12. Bd2 Bxd2+ 13. Nxd2 O-O
14. Bd3 b5 15. Nb2 Nb6 16. O-O h6 17. Nb3 Qa3 18. Qe2 Nc4 19. Bxc4 bxc4 20.
Nxd4 Rb8 21. Nd1 Bd7 22. Rf3 Qa5 23. Nc3 Rb6 24. Rg3 Kh8 25. Rd1 Qc5 26. h4
Rfb8 27. Qg4 Qf8 28. Nxd5 1-0

[Event "Irish Championship 2017"]
[Site "Ennis IRL"]
[Date "2017.08.05"]
[Round "8.6"]
[White "Quinn, Rory"]
[Black "Melaugh, Shane"]
[Result "1/2-1/2"]
[WhiteElo "2140"]
[BlackElo "1985"]
[WhiteICU "2089"]
[BlackICU "1929"]
[WhiteClub "Ennis"]
[BlackClub "Elm Mount"]
[WhiteNationality "IRL"]
[BlackNationality "IRL"]
[WhiteFideId "2501643"]
[BlackFideId "2509580"]
[PlyCount "112"]
[EventDate "2017.07.29"]

{ Event information: <a
href="https://www.irlchess.com/irlch2017_allfiles/pairings_irlch2017.html">Tournament
report</a>. }

1. Nc3 d5 2. d4 Nf6 3. Bg5 e6 4. e4 dxe4 5. Nxe4 Be7 6. Bxf6 Bxf6 7. Nf3
O-O 8. Qd2 b6 9. O-O-O Bb7 10. Qf4 Be7 11. Bd3 Nd7 12. Neg5 h6 13. Nh7 Re8
14. h4 f5 15. g4 Bd6 16. Ne5 Bxh1 17. Rxh1 Nxe5 18. dxe5 Bxe5 19. Qxe5 Qd5
20. Qxd5 exd5 21. Bxf5 Re2 22. Rf1 Rae8 23. Kd1 c5 24. h5 R8e5 25. Bd3 R2e4
26. f3 Rf4 27. Rf2 Re3 28. Bg6 Rfxf3 29. Rxf3 Rxf3 30. g5 d4 31. Ke2 Rf4
32. Kd3 b5 33. b3 Rf2 34. Be4 Kf7 35. b4 cxb4 36. Kxd4 Rf4 37. Ke5 Rh4 38.
Bg6+ Ke7 39. gxh6 gxh6 40. Nf6 Kf8 41. Bd3 a6 42. Ke6 Rh1 43. Nd7+ Kg7 44.
Nc5 a5 45. Nb7 a4 46. Bxb5 a3 47. Nd6 b3 48. cxb3 Rh2 49. Nc4 Rxa2 50. Nxa3
Rxa3 51. Bc4 Ra5 52. Be2 Ra3 53. Bc4 Ra2 54. Kd6 Rh2 55. b4 Rxh5 56. b5
Rxb5 1/2-1/2

[Event "Irish Championship 2017"]
[Site "Ennis IRL"]
[Date "2017.08.05"]
[Round "8.7"]
[White "Mirza, Diana"]
[Black "MacElligott, Gerard"]
[Result "1/2-1/2"]
[WhiteTitle "WFM"]
[BlackTitle "CM"]
[WhiteElo "1901"]
[BlackElo "2015"]
[WhiteICU "1872"]
[BlackICU "1959"]
[WhiteClub "St. Michael's"]
[BlackClub "Elm Mount"]
[WhiteNationality "IRL"]
[BlackNationality "IRL"]
[WhiteFideId "2503999"]
[BlackFideId "2500647"]
[PlyCount "109"]
[EventDate "2017.07.29"]

{ Event information: <a
href="https://www.irlchess.com/irlch2017_allfiles/pairings_irlch2017.html">Tournament
report</a>. }

1. e4 e6 2. d4 d5 3. Nd2 Nf6 4. e5 Nfd7 5. Bd3 c5 6. c3 Nc6 7. Ne2 cxd4 8.
cxd4 f6 9. exf6 Nxf6 10. Nf3 Bd6 11. O-O O-O 12. Bg5 Qc7 13. Bh4 Nh5 14.
Qc2 h6 15. Bh7+ Kh8 16. Bg6 Nf4 17. Nxf4 Bxf4 18. Bg3 Bd7 19. Ne5 Rac8 20.
Bxf4 Rxf4 21. Nxc6 Bxc6 22. Qd2 Rcf8 23. Rac1 Qe7 24. g3 R4f6 25. Bd3 e5
26. dxe5 Qxe5 27. Rce1 Qh5 28. f4 Qf7 29. Re5 Re8 30. Rfe1 Rfe6 31. Qc3 Kg8
32. Bc2 Rxe5 33. Rxe5 Rxe5 34. Qxe5 Qe8 35. Qxe8+ Bxe8 36. Bb3 Bf7 37. Kf2
Kf8 38. Ke3 Ke7 39. Kd4 Kd6 40. g4 Be6 41. f5 Bf7 42. a4 b6 43. h4 Be8 44.
g5 hxg5 45. hxg5 Bc6 46. Bc2 a5 47. b3 b5 48. axb5 Bxb5 49. f6 gxf6 50.
gxf6 Ke6 51. f7 Kxf7 52. Kxd5 Bd7 53. Kc5 Be6 54. Kb5 Bxb3 55. Bxb3+
1/2-1/2

[Event "Irish Championship 2017"]
[Site "Ennis IRL"]
[Date "2017.08.05"]
[Round "8.8"]
[White "Scott, Luke"]
[Black "Melaugh, Gavin"]
[Result "0-1"]
[WhiteElo "1682"]
[BlackElo "1936"]
[WhiteICU "1798"]
[BlackICU "1929"]
[WhiteClub "Blanchardstown"]
[BlackClub "Elm Mount"]
[WhiteNationality "IRL"]
[BlackNationality "IRL"]
[WhiteFideId "2507986"]
[BlackFideId "2509571"]
[PlyCount "58"]
[EventDate "2017.07.29"]

{ Event information: <a
href="https://www.irlchess.com/irlch2017_allfiles/pairings_irlch2017.html">Tournament
report</a>. }

1. b3 e5 2. Bb2 Nc6 3. e3 Nf6 4. Bb5 d6 5. Ne2 Bd7 6. d4 a6 7. Bxc6 Bxc6 8.
dxe5 dxe5 9. Qxd8+ Rxd8 10. Bxe5 Bxg2 11. Rg1 Be4 12. Nd2 Bxc2 13. Rc1 Bg6
14. Rxc7 Nd7 15. Bd4 Bd6 16. Rxb7 Bxh2 17. Rg5 f6 18. Ra5 Be5 19. Nc4 Be4
20. Ra7 Bb8 21. R7xa6 Ke7 22. Bc5+ Nxc5 23. Rxc5 h5 24. Ng3 h4 25. Nxe4 h3
26. f4 h2 27. Nf2 g5 28. Rf5 g4 29. Nh1 g3 0-1

[Event "Irish Championship 2017"]
[Site "Ennis IRL"]
[Date "2017.08.06"]
[Round "9.1"]
[White "Li, Henry"]
[Black "Short, Philip"]
[Result "1/2-1/2"]
[BlackTitle "FM"]
[WhiteElo "2247"]
[BlackElo "2283"]
[WhiteICU "2172"]
[BlackICU "2287"]
[WhiteClub "Gonzaga"]
[WhiteNationality "IRL"]
[BlackNationality "IRL"]
[WhiteFideId "2508524"]
[BlackFideId "2500086"]
[PlyCount "43"]
[EventDate "2017.07.29"]

{ Event information: <a
href="https://www.irlchess.com/irlch2017_allfiles/pairings_irlch2017.html">Tournament
report</a>. }

1. e4 e5 2. Nf3 Nc6 3. Bb5 Nf6 4. O-O Nxe4 5. Re1 Nd6 6. Nxe5 Nxe5 7. Rxe5+
Be7 8. Bf1 O-O 9. d4 Bf6 10. Re1 Nf5 11. c3 d5 12. Bf4 c6 13. Nd2 Bg5 14.
Bxg5 Qxg5 15. Nf3 Qd8 16. Bd3 Nd6 17. Qc2 g6 18. Qd2 Bf5 19. Qh6 f6 20.
Bxf5 Nxf5 21. Qf4 Qd6 22. Qxd6 1/2-1/2

[Event "Irish Championship 2017"]
[Site "Ennis IRL"]
[Date "2017.08.06"]
[Round "9.2"]
[White "Wall, Gavin"]
[Black "Lopez, Alex"]
[Result "0-1"]
[WhiteTitle "IM"]
[BlackTitle "IM"]
[WhiteElo "2329"]
[BlackElo "2431"]
[WhiteICU "2290"]
[BlackICU "2441"]
[WhiteClub "Richmond ENG"]
[WhiteNationality "IRL"]
[BlackNationality "IRL"]
[WhiteFideId "2501244"]
[BlackFideId "2501430"]
[PlyCount "80"]
[EventDate "2017.07.29"]

{ Event information: <a
href="https://www.irlchess.com/irlch2017_allfiles/pairings_irlch2017.html">Tournament
report</a>. }

1. e4 c6 2. Nc3 d5 3. Nf3 Nf6 4. e5 Ne4 5. Ne2 Qb6 6. d4 e6 7. Ng3 c5 8.
Bd3 f5 9. exf6 Nxf6 10. O-O cxd4 11. Nxd4 e5 12. Ndf5 Be6 13. Be3 Qc7 14.
f4 e4 15. Bb5+ Nc6 16. c4 O-O-O 17. Bxc6 bxc6 18. Qa4 dxc4 19. Nd4 Bd5 20.
Kh1 Ng4 21. Bg1 e3 22. Nde2 Bc5 23. b3 cxb3 24. axb3 Bb6 25. Nc3 Kb8 26.
Nxd5 cxd5 27. b4 Rhe8 28. Rfc1 Qb7 29. Rc6 d4 30. h3 Nf2+ 31. Bxf2 exf2 32.
Kh2 d3 33. Rd6 Re1 34. Rxd8+ Bxd8 35. Rd1 Bc7 36. b5 f1=N+ 37. Nxf1 Re2 38.
Ne3 Rxe3 39. Qd4 Re2 40. Qxg7 Bxf4+ 0-1